00414nam a2200157 a 4500008004100000020001500041050001800056100002100074245003600095246003300131260002800164300001400192350000900206650002500215650001600240120416s1988 ||||||||||||||||| || u a0434924881 aHC 79.I55 Zub aZuboff, Shoshana10aIn the age of the smart machine athe future of work and power aOxfordbHeinemannc1988 axv, 468p. a0.00 aINFORMATION MACHINES aINFORMATION